|
|
|
|
| LEADER |
01621nam a2200361 a 4500 |
| 001 |
000310780 |
| 003 |
CZ BrMZK |
| 005 |
20240108151612.0 |
| 007 |
ta |
| 008 |
980115s1997 xr e 0 cze d |
| 040 |
|
|
|a BOA001
|b cze
|
| 072 |
|
7 |
|a 22/24
|x Náboženství Dálného východu. Indická náboženství. Hinduismus. Buddhismus
|2 Konspekt
|9 5
|
| 080 |
|
|
|a 111.1/.3
|2 MRF
|
| 080 |
|
|
|a 239.4
|2 MRF
|
| 080 |
|
|
|a (049)
|2 MRF
|
| 100 |
1 |
|
|a Maliarik, Ján,
|d 1869-1946
|7 jn19990210402
|4 aut
|
| 245 |
1 |
0 |
|a Výzva k duchovní obrodě pro vstup do třetího tisíciletí.
|n 3,
|p Absolutní bytí a relativní jsoucno /
|c Ján Maliarik ; k vydání připravili Otmar Doležal, Růžena Hermanová ; [překlad z němčiny].
|
| 246 |
3 |
0 |
|a Absolutní bytí a relativní jsoucno
|
| 260 |
|
|
|a Veselí nad Moravou :
|b O. Doležal,
|c 1997
|
| 300 |
|
|
|a 69 s. ;
|c 21 cm
|
| 490 |
1 |
|
|a Knihovna Celozemského univerzálního státu ;
|v sv. 145
|
| 490 |
1 |
|
|a Spisy kňaza Jána Maliarika a jeho žáků
|
| 650 |
0 |
7 |
|a bytí
|7 ph136772
|2 czenas
|
| 650 |
0 |
7 |
|a teosofie
|7 ph116434
|2 czenas
|
| 655 |
|
7 |
|a pojednání
|7 fd133056
|2 czenas
|
| 700 |
1 |
|
|a Hermanová, Růžena
|7 mzk2009544376
|4 com
|
| 700 |
1 |
|
|a Doležal, Otmar,
|d 1920-2008
|7 jn99240000172
|
| 830 |
|
0 |
|a Knihovna celozemského univerzálního státu
|0 s
|
| 830 |
|
0 |
|a Spisy kňaza Jána Maliarika a jeho žáků
|
| 910 |
|
|
|a BOA001
|b 2-1044.474,3
|
| 990 |
|
|
|a BK
|
| 996 |
6 |
|
|b 2610069886
|c 2-1044.474,3
|l MZK
|r Sklad / do 1 hodiny
|n 0
|p p.v.
|w 000310780
|u 000020
|a 1
|e BOA001
|j MZK50
|s P
|
| 996 |
7 |
|
|b 2610069887
|c 2-1044.474,3
|l MZK
|r Sklad / do 1 hodiny
|n 4
|p p.v.
|w 000310780
|u 000010
|a 1
|e BOA001
|j MZK50
|s A
|